000 01469cad a22003375a 4500
001 L158811
003 115515
005 20240724164125.0
008 081030s2015 xxk f v 000 0 eng d
020 _a9781783211142
035 _a(Sirsi) u158811
041 0 _aeng
050 0 4 _a692.8 $2 18
110 2 _aRoyal Institution of Chartered Surveyors
_94900
245 0 0 _aAscertaining loss and expense
_h[archived]
260 _aLondon
_bRICS
_c2015
300 _a20 p.
490 0 _aRICS Guidance Note
490 0 _aRICS Black Book
520 _aEffective from 27 October 2015. The ascertainment of loss and expense is a set of tasks that endeavour to calculate as precisely as possible, and in accordance with the contract, the additional costs or losses incurred by one party directly due to a default of the other. This guidance note covers what is loss and expense, standard forms of contracts, global claims, methods of analysis of loss and expense, and strengths and weaknesses of the various methods.
520 _aSuperseded by 2nd edition published July 2024 ISBN 9781783215225
521 _aAdvanced
590 _aKA
650 2 4 _aCONTRACT CLAIMS
650 2 4 _aBLACK BOOK
650 2 4 _aRICS QS AND CONSTRUCTION STANDARDS
651 4 _aUnited Kingdom
690 _aContracts
_96232
856 4 1 _uhttps://www.isurv.com/downloads/download/1986/ascertaining_loss_and_expense
_zArchived on isurv (subscription required)
942 _n0
_2ddc
999 _c115515
_d115515